[Event "Eurasia Cup op"]
[Site "Ekaterinburg"]
[Date "2019.08.08"]
[Round "8"]
[White "Karelina, Viktoriya"]
[Black "Rudometov, Maxim"]
[Result "0-1"]
[WhiteElo "1918"]
[BlackElo "2233"]
[PlyCount "72"]
[EventDate "2019.07.31"]
[EventType "swiss"]
[EventRounds "9"]
[EventCountry "RUS"]
[SourceTitle "CBM 191 Extra"]
[Source "ChessBase"]
[SourceDate "2019.09.30"]
[SourceVersion "1"]
[SourceVersionDate "2019.09.30"]
[SourceQuality "1"]

1. e4 d5 2. exd5 Qxd5 3. Nc3 Qd8 4. d4 Nf6 5. Nf3 Bg4 6. h3 Bxf3 7. Qxf3 c6 8. Ne2 e6 9. c3 Nbd7 10. Ng3 Bd6 11. Bd3 a5 12. 0-0 0-0 13. Re1 a4 14. Bg5 Ra5 15. Ne4 Be7 16. Bd2 Nxe4 17. Rxe4 Bg5 18. Bxg5 Qxg5 19. Rg4 Qd8 20. Qg3 g6 21. Qe3 Kg7 22. h4 Nf6 23. Rg5 h6 24. Rxa5 Qxa5 25. Re1 Rd8 26. Qg3 Qd5 27. Bb1 Qb5 28. Rxe6 Qxb2 29. Bd3 Re8 30. Rxe8 Nxe8 31. Bc4 b5 32. Bd3 Qxa2 33. h5 g5 34. Qe5+ Nf6 35. Qc7 Qa1+ 36. Kh2 Qxc3 0-1

[Event "Eurasia Cup op"]
[Site "Ekaterinburg"]
[Date "2019.07.31"]
[Round "1"]
[White "Rudometov, Maxim"]
[Black "Panjshin, Daniil"]
[Result "1-0"]
[WhiteElo "2233"]
[BlackElo "1736"]
[PlyCount "67"]
[EventDate "2019.07.31"]
[EventType "swiss"]
[EventRounds "9"]
[EventCountry "RUS"]
[SourceTitle "CBM 191 Extra"]
[Source "ChessBase"]
[SourceDate "2019.09.30"]
[SourceVersion "1"]
[SourceVersionDate "2019.09.30"]
[SourceQuality "1"]

1. c4 Nf6 2. Nc3 g6 3. g3 d6 4. Bg2 e5 5. Nf3 Bg7 6. 0-0 0-0 7. d3 Nc6 8. Rb1 Bf5 9. e4 Bg4 10. h3 Bd7 11. Be3 Ne7 12. d4 exd4 13. Nxd4 Re8 14. Re1 Nc6 15. Rc1 Nxd4 16. Bxd4 c6 17. Qd2 Be6 18. b3 Qe7 19. Nd5 Bxd5 20. exd5 Qd7 21. dxc6 bxc6 22. Qa5 Rxe1+ 23. Rxe1 Nh5 24. Be3 Re8 25. g4 Nf6 26. Rd1 Ne4 27. Bxe4 Rxe4 28. Qxa7 Rxg4+ 29. Kf1 Qxa7 30. Bxa7 Rg5 31. Rxd6 c5 32. Rd5 Rxd5 33. cxd5 Bf8 34. a4 1-0

[Event "Moscow op-F 15th"]
[Site "Moscow"]
[Date "2019.01.27"]
[Round "3"]
[White "Mamatov, Melis"]
[Black "Rudometov, Maxim"]
[Result "1/2-1/2"]
[WhiteElo "2203"]
[BlackElo "2265"]
[PlyCount "131"]
[EventDate "2019.01.25"]
[EventType "swiss"]
[EventRounds "9"]
[EventCountry "RUS"]
[SourceTitle "CBM 188 Extra"]
[Source "ChessBase"]
[SourceDate "2019.02.26"]
[SourceVersion "1"]
[SourceVersionDate "2019.02.26"]
[SourceQuality "1"]

1. e4 e6 2. d4 d5 3. Nd2 a6 4. Ngf3 c5 5. exd5 exd5 6. dxc5 Bxc5 7. Bd3 Ne7 8. 0-0 0-0 9. Nb3 Ba7 10. Bf4 Nbc6 11. Re1 Nf5 12. c3 h6 13. Rc1 Qf6 14. Qd2 Be6 15. Bxf5 Bxf5 16. Nfd4 Rac8 17. Nxf5 Qxf5 18. Rcd1 Rfd8 19. Be3 Bb8 20. Nd4 Qh5 21. Nf3 Na5 22. b3 Nc6 23. Bf4 Ba7 24. Be3 Bb8 25. Bf4 Qf5 26. Bxb8 Rxb8 27. Qd3 Qf6 28. Re2 Rbc8 29. h3 b5 30. Red2 b4 31. c4 dxc4 32. Qxc4 Rxd2 33. Rxd2 Qc3 34. Qxa6 Ne5 35. Nxe5 Qa1+ 36. Kh2 Qxe5+ 37. g3 Rc1 38. Rd8+ Kh7 39. Qd3+ g6 40. Qd4 Qxd4 41. Rxd4 Rc2 42. Kg2 Rxa2 43. Rxb4 Rb2 44. Rb6 h5 45. Kf3 Kg7 46. h4 Rb1 47. b4 Rb2 48. b5 Rb4 49. Rb7 Kf6 50. b6 Ke6 51. Ke3 Rb3+ 52. Kf4 Kf6 53. Rb8 Rb4+ 54. Ke3 Rb2 55. b7 Kf5 56. f3 Rb3+ 57. Kd4 Rb1 58. Kd5 Kf6 59. Kc6 Rc1+ 60. Kd6 Rd1+ 61. Kc7 Rc1+ 62. Kd8 Rb1 63. Ke8 Kg7 64. Ke7 Rb2 65. f4 Rb1 66. Kd6 1/2-1/2

[Event "RUS-ch Eurasia Cup op"]
[Site "Ekaterinburg"]
[Date "2018.08.04"]
[Round "4"]
[White "Rudometov, Maxim"]
[Black "Fedotov, Alexey"]
[Result "1-0"]
[WhiteElo "2279"]
[BlackElo "2106"]
[PlyCount "103"]
[EventDate "2018.08.01"]
[EventType "swiss"]
[EventRounds "9"]
[EventCountry "RUS"]
[SourceTitle "CBM 185 Extra"]
[Source "ChessBase"]
[SourceDate "2018.07.29"]
[SourceVersion "1"]
[SourceVersionDate "2018.07.29"]
[SourceQuality "1"]

1. c4 c6 2. Nf3 d5 3. e3 Nf6 4. Nc3 e6 5. b3 Nbd7 6. Bb2 Bd6 7. Qc2 0-0 8. Be2 Qe7 9. 0-0 b6 10. cxd5 cxd5 11. Nb5 Ba6 12. Qd1 Bxb5 13. Bxb5 a6 14. Be2 Rfc8 15. Rc1 b5 16. Rxc8+ Rxc8 17. Qb1 Ba3 18. Ba1 Ne4 19. Bd3 Ndf6 20. Bb2 Bxb2 21. Qxb2 Qc7 22. h3 h6 23. Rd1 Nd7 24. Bb1 Qc5 25. Nd4 b4 26. f3 Nd6 27. Ne2 Qb5 28. Kf2 e5 29. Rc1 Qb7 30. Ng3 g6 31. h4 h5 32. Ne2 Rxc1 33. Qxc1 Qc8 34. Qxc8+ Nxc8 35. d4 Kg7 36. Bd3 a5 37. Bb5 Ncb6 38. Bxd7 Nxd7 39. dxe5 Nxe5 40. Nf4 Kf6 41. Nxd5+ Ke6 42. Nf4+ Kd6 43. Ke2 Nd7 44. Kd3 Kc5 45. Ne2 Kd5 46. e4+ Kc5 47. Ke3 Kd6 48. Kd4 Ne5 49. Nf4 Nd7 50. Nd3 Nf8 51. Kc4 Ne6 52. Kb5 1-0

[Event "RUS-ch Eurasia Cup op"]
[Site "Ekaterinburg"]
[Date "2018.08.03"]
[Round "3"]
[White "Timofeev, Artyom"]
[Black "Rudometov, Maxim"]
[Result "1-0"]
[WhiteElo "2590"]
[BlackElo "2279"]
[PlyCount "81"]
[EventDate "2018.08.01"]
[EventType "swiss"]
[EventRounds "9"]
[EventCountry "RUS"]
[SourceTitle "CBM 185 Extra"]
[Source "ChessBase"]
[SourceDate "2018.07.29"]
[SourceVersion "1"]
[SourceVersionDate "2018.07.29"]
[SourceQuality "1"]

1. d4 Nf6 2. c4 e6 3. Nc3 d5 4. cxd5 Nxd5 5. e3 Nxc3 6. bxc3 Be7 7. Bd3 Nd7 8. Nf3 0-0 9. Qc2 h6 10. 0-0 b6 11. e4 Bb7 12. Bf4 c5 13. Qd2 Re8 14. Rfe1 Bf8 15. Rad1 cxd4 16. cxd4 Rc8 17. h3 Qe7 18. Rb1 Red8 19. Qe2 Rc3 20. Bd2 Rc7 21. a4 e5 22. d5 Qf6 23. Nh2 Qg6 24. a5 Nc5 25. Bc4 Bc8 26. Ng4 Bxg4 27. hxg4 Nd7 28. Rb3 Bc5 29. Rg3 Bd4 30. g5 Nf6 31. Bb3 Nh7 32. Rd3 hxg5 33. g3 Nf6 34. g4 Nd7 35. Rh3 Nc5 36. Ba2 Qxe4 37. Qxe4 Nxe4 38. Rxe4 Rc2 39. Bxg5 f6 40. Bb3 Rb2 41. Bc1 1-0

[Event "Izhevsk Corporation Cup 6th"]
[Site "Izhevsk"]
[Date "2014.07.18"]
[Round "6"]
[White "Rudometov, Maxim"]
[Black "Frolov, Artiom"]
[Result "0-1"]
[WhiteElo "2212"]
[BlackElo "2403"]
[PlyCount "100"]
[EventDate "2014.07.12"]
[EventType "swiss"]
[EventRounds "9"]
[EventCountry "RUS"]
[SourceTitle "CBM 161 Extra"]
[Source "ChessBase"]
[SourceDate "2014.08.29"]
[SourceVersion "1"]
[SourceVersionDate "2014.08.29"]
[SourceQuality "1"]

1. e4 c5 2. c4 Nc6 3. g3 g6 4. Bg2 Bg7 5. Ne2 a6 6. Nbc3 b5 7. d3 Rb8 8. 0-0 d6 9. Rb1 Nf6 10. f4 Nd4 11. h3 0-0 12. g4 Nd7 13. b3 e6 14. g5 f5 15. gxf6 Qxf6 16. Be3 Qe7 17. Qd2 b4 18. Nd1 a5 19. Nf2 e5 20. Ng4 h5 21. Nh2 Nxe2+ 22. Qxe2 exf4 23. Rxf4 Rxf4 24. Bxf4 Ne5 25. Be3 Bd7 26. Rf1 Rf8 27. Rxf8+ Qxf8 28. d4 Nc6 29. dxc5 dxc5 30. Nf3 Qe7 31. Qd3 Be6 32. e5 Bf7 33. e6 Qxe6 34. Ng5 Qxe3+ 35. Qxe3 Bd4 36. Nxf7 Bxe3+ 37. Kf1 Nd4 38. Nd6 Kg7 39. Nb7 Nf5 40. Ke2 Kf6 41. Be4 Bg1 42. Kf3 Ke5 43. Bb1 Nh4+ 44. Kg3 g5 45. Nxa5 Kd4 46. Bc2 Ke3 47. Bd1 Bf2+ 48. Kh2 Nf3+ 49. Kg2 Ne1+ 50. Kf1 g4 0-1

[Event "Izhevsk Corporation Cup 6th"]
[Site "Izhevsk"]
[Date "2014.07.12"]
[Round "1"]
[White "Fucito, Giovanni"]
[Black "Rudometov, Maxim"]
[Result "0-1"]
[WhiteElo "1801"]
[BlackElo "2212"]
[PlyCount "90"]
[EventDate "2014.07.12"]
[EventType "swiss"]
[EventRounds "9"]
[EventCountry "RUS"]
[SourceTitle "CBM 161 Extra"]
[Source "ChessBase"]
[SourceDate "2014.08.29"]
[SourceVersion "1"]
[SourceVersionDate "2014.08.29"]
[SourceQuality "1"]

1. e4 d5 2. exd5 Qxd5 3. Nc3 Qd8 4. Nf3 Nf6 5. d4 c6 6. Bc4 b5 7. Bb3 e6 8. 0-0 a5 9. a3 Be7 10. Re1 0-0 11. Bf4 Nbd7 12. Qe2 Nb6 13. Rad1 Nfd5 14. Nxd5 cxd5 15. Ne5 Qe8 16. c3 Nc4 17. Rd3 f6 18. Ng4 h5 19. Ne3 Ra7 20. Nf1 g5 21. Bc1 Bd6 22. Bd1 Rh7 23. Ng3 h4 24. Nf5 Bb8 25. b3 Qc6 26. bxc4 dxc4 27. Re3 exf5 28. Re7 Rxe7 29. Qxe7 Qd6 30. Qxd6 Bxd6 31. Bf3 Bd7 32. Bd5+ Kg7 33. Kf1 Rc8 34. h3 b4 35. axb4 axb4 36. cxb4 Bxb4 37. Re2 c3 38. Ra2 Bb5+ 39. Kg1 Re8 40. Ra7+ Kh6 41. Bxg5+ Kxg5 42. g3 c2 43. Rg7+ Kh6 44. Rc7 Re1+ 45. Kg2 c1Q 0-1

[Event "Perm op"]
[Site "Perm"]
[Date "2014.??.??"]
[Round "8"]
[White "Gavryushin, Oleg"]
[Black "Rudometov, Maxim"]
[Result "1/2-1/2"]
[WhiteElo "2282"]
[BlackElo "2245"]
[PlyCount "60"]
[EventDate "2014.05.06"]
[EventType "swiss"]
[EventRounds "9"]
[EventCountry "RUS"]
[SourceTitle "CBM 160 Extra"]
[Source "ChessBase"]
[SourceDate "2014.07.01"]
[SourceVersion "1"]
[SourceVersionDate "2014.07.01"]
[SourceQuality "1"]

1. Nf3 g6 2. d4 Nf6 3. c4 Bg7 4. g3 0-0 5. Bg2 d6 6. 0-0 Nbd7 7. Nc3 e5 8. e4 c6 9. h3 Qc7 10. Be3 Re8 11. Qc2 b6 12. Rfe1 Bb7 13. Rad1 Rad8 14. Kh2 h6 15. b4 Nf8 16. c5 dxc5 17. bxc5 exd4 18. cxb6 axb6 19. Nxd4 Rd7 20. f4 Ne6 21. Nxe6 Rxe6 22. e5 Nd5 23. Nxd5 cxd5 24. Qxc7 Rxc7 25. Rd2 f6 26. Rb1 fxe5 27. Bxb6 Rd7 28. fxe5 Bxe5 29. h4 Re8 30. Rb3 d4 1/2-1/2

[Event "Perm op"]
[Site "Perm"]
[Date "2014.??.??"]
[Round "5"]
[White "Rudometov, Maxim"]
[Black "Matveeva, Olga"]
[Result "1/2-1/2"]
[WhiteElo "2245"]
[BlackElo "2230"]
[PlyCount "40"]
[EventDate "2014.05.06"]
[EventType "swiss"]
[EventRounds "9"]
[EventCountry "RUS"]
[SourceTitle "CBM 160 Extra"]
[Source "ChessBase"]
[SourceDate "2014.07.01"]
[SourceVersion "1"]
[SourceVersionDate "2014.07.01"]
[SourceQuality "1"]

1. c4 e5 2. g3 Nf6 3. Bg2 d5 4. cxd5 Nxd5 5. Nc3 Nb6 6. Nf3 Nc6 7. 0-0 Be7 8. d3 0-0 9. a3 Be6 10. b4 f6 11. Bb2 a6 12. Na4 Nxa4 13. Qxa4 Qd7 14. Qc2 Rad8 15. Rac1 Bd5 16. Rfd1 Qe6 17. Nd2 Bxg2 18. Kxg2 Qd5+ 19. Kg1 Rd7 20. Qc4 Rfd8 1/2-1/2

[Event "Izhevsk Corporation Cup 5th"]
[Site "Izhevsk"]
[Date "2013.07.18"]
[Round "7"]
[White "Nasybullina, Alfia"]
[Black "Rudometov, Maxim"]
[Result "0-1"]
[WhiteElo "2095"]
[BlackElo "2219"]
[PlyCount "70"]
[EventDate "2013.07.11"]
[EventType "swiss"]
[EventRounds "9"]
[EventCountry "RUS"]
[SourceTitle "EXT 2014"]
[Source "ChessBase"]
[SourceDate "2013.11.20"]
[SourceVersion "1"]
[SourceVersionDate "2013.11.20"]
[SourceQuality "1"]

1. Nf3 Nf6 2. b3 g6 3. Bb2 Bg7 4. e4 d6 5. d3 0-0 6. Nbd2 c5 7. Be2 Nc6 8. 0-0 e5 9. Nc4 Nh5 10. g3 f5 11. exf5 Bxf5 12. Nh4 Bh3 13. Bxh5 gxh5 14. Qxh5 Bxf1 15. Rxf1 Qd7 16. f4 exf4 17. Bxg7 Qxg7 18. Nf5 Qg6 19. Qxg6+ hxg6 20. Nfxd6 fxg3 21. hxg3 Rxf1+ 22. Kxf1 b6 23. c3 Rd8 24. Ke2 Na5 25. Ne4 Nxc4 26. bxc4 Kf7 27. Ke3 Rh8 28. d4 cxd4+ 29. cxd4 Rh2 30. Nf2 Rg2 31. Kf3 Rg1 32. Nd3 Ra1 33. Nb4 a5 34. Nd5 Rxa2 35. Nxb6 a4 0-1

[Event "Izhevsk Corporation Cup 5th"]
[Site "Izhevsk"]
[Date "2013.07.16"]
[Round "5"]
[White "Dilmukhametov, Artur"]
[Black "Rudometov, Maxim"]
[Result "0-1"]
[WhiteElo "2107"]
[BlackElo "2219"]
[PlyCount "58"]
[EventDate "2013.07.11"]
[EventType "swiss"]
[EventRounds "9"]
[EventCountry "RUS"]
[SourceTitle "EXT 2014"]
[Source "ChessBase"]
[SourceDate "2013.11.20"]
[SourceVersion "1"]
[SourceVersionDate "2013.11.20"]
[SourceQuality "1"]

1. e4 d5 2. exd5 Qxd5 3. Nc3 Qd8 4. d4 Nf6 5. Nf3 c6 6. Bc4 b5 7. Bb3 e6 8. 0-0 a5 9. a3 Be7 10. Qe2 0-0 11. Bg5 Nbd7 12. Ne5 Nxe5 13. Bxf6 Nf3+ 14. Qxf3 Bxf6 15. Nxb5 Qb6 16. Nc3 Bxd4 17. Rfd1 Bf6 18. Ne4 Be7 19. Qc3 c5 20. Ba4 Rb8 21. Rab1 Bb7 22. Rd7 Bxe4 23. Rxe7 Rfd8 24. f3 Bf5 25. Rd7 Rxd7 26. Bxd7 Rd8 27. Ba4 Rd4 28. Qb3 Rb4 29. axb4 c4+ 0-1

[Event "Izhevsk Corporation Cup-A 4th"]
[Site "Izhevsk"]
[Date "2012.07.17"]
[Round "3"]
[White "Nikologorskiy, Konstantin"]
[Black "Rudometov, Maxim"]
[Result "1-0"]
[WhiteElo "2364"]
[BlackElo "2187"]
[PlyCount "123"]
[EventDate "2012.07.15"]
[EventType "swiss"]
[EventRounds "9"]
[EventCountry "RUS"]
[SourceTitle "EXT 2013"]
[Source "ChessBase"]
[SourceDate "2012.11.22"]
[SourceVersion "1"]
[SourceVersionDate "2012.11.22"]
[SourceQuality "1"]

1. c4 Nf6 2. Nc3 d5 3. cxd5 Nxd5 4. g3 g6 5. Bg2 c6 6. Nf3 Bg7 7. 0-0 0-0 8. Qc2 e5 9. Rd1 Qe7 10. d3 h6 11. e4 Nxc3 12. bxc3 c5 13. Ba3 b6 14. d4 exd4 15. cxd4 Bb7 16. Re1 Re8 17. Rac1 Nd7 18. e5 Rac8 19. Qd3 Qe6 20. Ng5 hxg5 21. Bxb7 Rb8 22. Bg2 cxd4 23. Bd6 Rbd8 24. Rc6 Qxa2 25. f4 Nc5 26. Qxd4 Ne6 27. Qe4 gxf4 28. gxf4 Qd2 29. Re3 Bh6 30. Rc2 Qd1+ 31. Re1 Qd4+ 32. Rf2 Rc8 33. f5 Qxe4 34. Bxe4 Ng5 35. Bg2 gxf5 36. Rxf5 Rcd8 37. Ref1 Re6 38. h4 Nh7 39. Rxf7 Rg6 40. Rxa7 Nf8 41. Kh2 Bg7 42. Bh3 Re8 43. Rf5 Ne6 44. Bg2 Nd4 45. Rh5 Bh6 46. Bd5+ Ne6 47. Be4 Bf4+ 48. Kh1 Rh6 49. Rxh6 Bxh6 50. Bh7+ Kh8 51. Bg6 Rc8 52. h5 Nf8 53. Bf5 Re8 54. e6 Rxe6 55. Bxe6 Nxe6 56. Kh2 Bf4+ 57. Bxf4 Nxf4 58. h6 b5 59. Kg3 Nd5 60. Kh4 b4 61. Kg5 Kg8 62. h7+ 1-0

[Event "Perm op 06"]
[Site "Perm"]
[Date "2010.06.25"]
[Round "5"]
[White "Rudometov, Maxim"]
[Black "Sabirov, Alexander"]
[Result "1-0"]
[WhiteElo "2285"]
[BlackElo "2080"]
[PlyCount "51"]
[EventDate "2010.06.21"]
[EventType "swiss"]
[EventRounds "9"]
[EventCountry "RUS"]
[SourceTitle "CBM 137 Extra"]
[Source "ChessBase"]
[SourceDate "2010.09.01"]
[SourceVersion "1"]
[SourceVersionDate "2010.09.01"]
[SourceQuality "1"]

1. e4 d6 2. d4 Nf6 3. Nc3 g6 4. f4 Bg7 5. Nf3 0-0 6. Be2 Nbd7 7. e5 Ne8 8. Be3 c5 9. dxc5 dxe5 10. Nxe5 Nc7 11. Nd3 Nf6 12. 0-0 Ncd5 13. Nxd5 Nxd5 14. Bf2 Bf5 15. Bf3 Bxd3 16. Qxd3 Nxf4 17. Qxd8 Raxd8 18. Bxb7 Bxb2 19. Rad1 Be5 20. c6 Bb8 21. Bc5 Rfe8 22. Rd7 e5 23. Be7 Rc8 24. Bxc8 Rxc8 25. Rxf4 exf4 26. Rd8+ 1-0

[Event "Perm op 02"]
[Site "Perm"]
[Date "2010.03.07"]
[Round "7"]
[White "Rudometov, Maxim"]
[Black "Shalynykh, Viktor"]
[Result "1/2-1/2"]
[WhiteElo "1960"]
[BlackElo "2028"]
[PlyCount "67"]
[EventDate "2010.02.27"]
[EventType "swiss"]
[EventRounds "9"]
[EventCountry "RUS"]
[SourceTitle "EXT 2011"]
[Source "ChessBase"]
[SourceDate "2010.11.26"]
[SourceVersion "1"]
[SourceVersionDate "2010.11.26"]
[SourceQuality "1"]

1. d4 Nf6 2. c4 c5 3. d5 b5 4. cxb5 a6 5. b6 Qxb6 6. Nc3 d6 7. e4 g6 8. a4 Bg7 9. a5 Qd8 10. Be2 0-0 11. Nf3 Nbd7 12. 0-0 Rb8 13. Qc2 Ne8 14. b3 Nc7 15. Bb2 e5 16. Nd2 f5 17. Nc4 Nf6 18. Nb6 fxe4 19. Nxc8 Qxc8 20. Bc4 Qf5 21. Rae1 Kh8 22. Qe2 Qd7 23. Rd1 Nb5 24. Bxb5 axb5 25. Nxe4 Nxe4 26. Qxe4 Rf4 27. Qe2 Ra8 28. Ra1 Qb7 29. Rfd1 Rb4 30. Ra3 Rf4 31. Ra2 Ra6 32. g3 Rf8 33. Qd2 Qa7 34. Rda1 1/2-1/2

[Event "Perm op 06"]
[Site "Perm"]
[Date "2009.06.14"]
[Round "8"]
[White "Rudometov, Maxim"]
[Black "Davydov, Stepan"]
[Result "0-1"]
[WhiteElo "2007"]
[BlackElo "2195"]
[PlyCount "98"]
[EventDate "2009.06.09"]
[EventType "swiss"]
[EventRounds "8"]
[EventCountry "RUS"]
[SourceTitle "EXT 2022"]
[Source "ChessBase"]
[SourceDate "2021.10.06"]
[SourceVersion "1"]
[SourceVersionDate "2021.10.06"]
[SourceQuality "1"]

1. Nf3 c5 2. c4 Nc6 3. d4 cxd4 4. Nxd4 g6 5. Nc3 Bg7 6. e3 Nf6 7. Be2 0-0 8. 0-0 d6 9. Re1 a6 10. Bd2 Bd7 11. b3 e5 12. Nxc6 Bxc6 13. Bf1 e4 14. Rc1 h5 15. Ne2 Ng4 16. h3 Ne5 17. Nd4 Qg5 18. Kh1 Bd7 19. Bb4 Qf6 20. f4 exf3 21. Nxf3 Rfd8 22. Qxd6 Qxd6 23. Bxd6 Nxf3 24. gxf3 Bc6 25. Bb4 Bxf3+ 26. Kg1 a5 27. Bc3 a4 28. Be2 Be4 29. Bxg7 Kxg7 30. Red1 a3 31. Kf2 Kf6 32. c5 Ke5 33. h4 f6 34. b4 Bd5 35. Rc2 Bf7 36. Rcd2 Rxd2 37. Rxd2 Ra4 38. b5 Rb4 39. c6 bxc6 40. bxc6 Rb2 41. c7 Be6 42. Rd8 Rc2 43. Ra8 Rxc7 44. Rxa3 Rc2 45. Ra5+ Kd6 46. Ra6+ Ke7 47. Ra7+ Kf8 48. Ke1 Rxa2 49. Rxa2 Bxa2 0-1

[Event "Perm op 06"]
[Site "Perm"]
[Date "2009.06.13"]
[Round "7"]
[White "Gavrilov, Andrei"]
[Black "Rudometov, Maxim"]
[Result "0-1"]
[WhiteElo "2163"]
[BlackElo "2007"]
[PlyCount "70"]
[EventDate "2009.06.09"]
[EventType "swiss"]
[EventRounds "8"]
[EventCountry "RUS"]
[SourceTitle "EXT 2022"]
[Source "ChessBase"]
[SourceDate "2021.10.06"]
[SourceVersion "1"]
[SourceVersionDate "2021.10.06"]
[SourceQuality "1"]

1. e4 Nf6 2. e5 Nd5 3. d4 d6 4. Nf3 c6 5. Be2 Bg4 6. exd6 exd6 7. 0-0 Be7 8. Nbd2 0-0 9. Ne4 Nd7 10. c4 N5f6 11. Ng3 d5 12. b3 Re8 13. h3 Bxf3 14. Bxf3 dxc4 15. bxc4 Nb6 16. Qd3 Qc7 17. a4 Rad8 18. Be3 a5 19. Nf5 Bf8 20. Rfb1 Nbd7 21. Qb3 b6 22. g3 Bb4 23. Bf4 Qc8 24. g4 Ne4 25. c5 Qa6 26. Qc2 Nc3 27. Re1 bxc5 28. dxc5 Nxc5 29. Ne7+ Kh8 30. Re5 Qd3 31. Be4 Ne2+ 32. Kh2 Qxc2 33. Bxc2 Nxf4 34. Nxc6 Rxe5 35. Nxe5 Kg8 0-1

[Event "Perm op 06"]
[Site "Perm"]
[Date "2009.06.10"]
[Round "2"]
[White "Goldshtein, Grigory"]
[Black "Rudometov, Maxim"]
[Result "1/2-1/2"]
[WhiteElo "2025"]
[BlackElo "2096"]
[PlyCount "36"]
[EventDate "2009.06.09"]
[EventType "swiss"]
[EventRounds "8"]
[EventCountry "RUS"]
[SourceTitle "EXT 2022"]
[Source "ChessBase"]
[SourceDate "2021.10.06"]
[SourceVersion "1"]
[SourceVersionDate "2021.10.06"]
[SourceQuality "1"]

1. e4 c6 2. d4 d5 3. Nc3 e6 4. Nf3 Ne7 5. Bd3 Nd7 6. 0-0 a6 7. Re1 Nf6 8. Bg5 h6 9. Bxf6 gxf6 10. exd5 cxd5 11. Nh4 Qb6 12. Na4 Qa5 13. c3 Qc7 14. Nc5 b6 15. Nb3 Bg7 16. Qh5 Qf4 17. g3 Qg5 18. Qe2 f5 1/2-1/2